00430nam a2200157Ia 450000500170000000800410001702000180005804000130007608200130008910000200010224500460012226000300016830000130019854600120021165000490022320250922103740.0231207s9999 xx 000 0 und d a9780240802923 cPK-LaNCA a780bSOI aSoifer, Rosanne 0aMusic in video productioncRosanne Soifer bFocal PressaWoburnc1997 aix, 153p aEnglish aCompusition(Music)., Video and Music., Music